Mexicanos, chicanos, hispanos, latinos. Cuatro testimonios sobre el proceso californiano /
Wedi'i Gadw mewn:
| Prif Awdur: | |
|---|---|
| Fformat: | Texto |
| Pynciau: | |
| Tagiau: |
Ychwanegu Tag
Dim Tagiau, Byddwch y cyntaf i dagio'r cofnod hwn!
|
MARC
| LEADER | 00000 a a2200000 04500 | ||
|---|---|---|---|
| 001 | 8969 | ||
| 003 | |||
| 040 | |||
| 100 | |a Beaubeau-francois, Anne | ||
| 245 | |a Mexicanos, chicanos, hispanos, latinos. Cuatro testimonios sobre el proceso californiano / |c Anne Beaubeau-francois | ||
| 650 | |a NACIONALIDAD | ||
| 650 | |a IDENTIDAD CULTURAL | ||
| 650 | |a NACIONALIZACION | ||
| 650 | |a ENTREVISTAS | ||
| 773 | |g número 185; páginas103-114 | ||
| 999 | |c 33470 |d 33470 | ||
